000 01032nac a22002777a 4500
001 BR8003385
003 BR-BrBNA
005 20240105114711.0
008 230509b bl.|||m| |||| 00| 0 por d
040 _aBR-BrBNA
_bpor
_cBiblioteca Nacional de Agricultura
072 _aH60; F27
090 _a0150 BR8003385
100 1 _aAndrade, V.A. de
110 1 _aUnidade de Execucao de Pesquisa de Ambito Estadual de Pelotas, RS (Brasil)
_910370
245 1 _aControle do Angiquinho (Aeschynomeme virginica L.)em arroz irrigado por meio de herbicidas [Oryza sativa; Erva daninha; Controle quimico; Brasil]
260 3 _aPelotas, RS (Brasil):
_c1980.
300 _a2 p.
490 _aPESQUISA EM ANDAMENTO - UNIDADE DE EXECUCAO DE PESQUISA DE AMBITO ESTADUAL DE PELOTAS (BRAZIL)
_v
_xISSN 0100-6215. NO. 01.
650 _aArroz irrigado
650 _aHerbicida
650 _aAngiquinho
650 _aControle quimico
650 _aCultura irrigada
909 _a202312
_bLúcia Elande
_c55
_dLúcia Elande
942 _2AGRIS
_n0
_cMS
999 _c270822
_d270822